Biblioteca

Human rights & human wrongs : (Registro nro. 66847)

Detalles MARC
000 -LÍDER
Campo fijo de descripción fija 01415cam a2200361 i 4500
001 - NÚMERO DE CONTROL
Campo de control 768414001
003 - IDENTIFICADOR DEL NÚMERO DE CONTROL
Campo de control CO-MdFUSB
005 - FECHA Y HORA DE LA ULTIMA TRANSACCIÓN
control field 20210824120906.0
007 - CAMPO FIJO DE DESCRIPCIÓN FIJA--INFORMACIÓN GENERAL
Campo fijo de descripción fija ta
008 - ELEMENTOS DE LONGITUD FIJA -- INFORMACIÓN GENERAL
Campo fijo de descripción fija -- Información general 990617t1999 -us 000 0 eng
020 ## - NÚMERO INTERNACIONAL NORMALIZADO PARA LIBROS
Número Internacional Normalizado del libro 080106094X
040 ## - FUENTE DE CATALOGACIÓN
Agencia de catalogación original DLC
Agencia que realiza la transcripción CO-MdFUSB
Idioma de catalogación spa
Agencia que realiza la modificación CO-MdFUSBC
Convenciones de la descripción rda
041 ## - CÓDIGO DE IDIOMA
Código de idioma para texto/pista de sonido o título separado eng
082 00 - NÚMERO DE CLASIFICACIÓN DECIMAL DEWEY
Número de la edición del Dewey 23
Número de clasificación 261.83
Clave de autor-Numero de item ST888
100 1# - ASIENTO PRINCIPAL--NOMBRE PERSONAL
Nombre personal Stott, John R. W.
Término relacionador autor
245 10 - TÍTULO
Título del Material Human rights & human wrongs :
Parte restante del título - Subtitulo major issues for a new century
Mención de responsabilidad, etc. / John R.W. Stott.
246 3# - FORMA VARIANTE DEL TITULO
Título propiamente dicho/forma breve del título Human rights and human wrongs
264 #1 - PRODUCCIÓN, PUBLICACIÓN, DISTRIBUCIÓN, MANUFACTURA, Y COPYRIGHT
Lugar de producción, publicación, distribución, manufactura Grand Rapids, Michigan :
Nombre del productor, publicador, distribuidor Baker Books,
Fecha de producción, publicación, distribución, manufactura, o copyright [1999]
264 #4 - PRODUCCIÓN, PUBLICACIÓN, DISTRIBUCIÓN, MANUFACTURA, Y COPYRIGHT
Fecha de producción, publicación, distribución, manufactura, o copyright © 1999
300 ## - DESCRIPCIÓN FÍSICA
Extensión 192 páginas ;
Dimensiones 23 cm.
336 ## - TIPO DE CONTENIDO
Fuente rdacontent
Término de tipo de contenido texto
Código de tipo de contenido txt
337 ## - TIPO DE MEDIO
Fuente rdamedia
Nombre del tipo de medio sin mediación
Código del tipo de medio n
338 ## - TIPO DE SOPORTE
Fuente rdacarrier
Nombre del tipo de soporte volumen
Código Tipo de soporte nc
500 ## - NOTA GENERAL
Nota General Rev. ed. of: Decisive issues facing Christians today. c1990.
505 ## - NOTA DE CONTENIDO
Nota de contenido con formato preestablecido Cristianos en una sociedad no cristiana. - Participación: ¿Es nuestra preocupación? - Complejidad: ¿Podemos pensar con claridad? - Pluralismo: ¿Debemos imponer nuestras opiniones? - Alienación: ¿Tenemos alguna influencia? - Guerras y rumores de guerras - Nuestro entorno humano - Desigualdad económica Norte-Sur - Derechos humanos.
563 ## - NOTA DE ENCUADERNACIÓN
Nota de encuadernación Rústico
650 #0 - ASIENTO SECUNDARIO DE MATERIA - TERMINO TEMÁTICO
Término temático o nombre geográfico como elemento de entrada Iglesia y problemas sociales
9 (RLIN) 1177
942 ## - TIPO DE MATERIAL (KOHA)
Tipo de Item KOHA Libros General
945 ## - INFORMACIÓN LOCAL DEL REGISTRO
Catalogador JTF-925
Existencias
Estado de Material Estado de Perdido Forma de Clasificación Estado de Dañado No para Préstamo Colección Biblioteca de Origen Biblioteca Permanente Fecha de Adquisición Área Total de Préstamos Signatura Topográfica Código de Barras Última vez visto Ejemplar/Existencia Fecha de Remplazo Tipo de Material
    Dewey Decimal Classification     Colección General Biblioteca FUSBC Biblioteca FUSBC 24/08/2021 ECLESIOLOGÍA   G 261.83 ST888h 12672 24/08/2021 Ej. 1 24/08/2021 Libros General

Biblioteca FUSBC | Teléfono: (57+4) 349 88 10 Ext. 141| WhatsApp (+57) 3005338115 
E-mail: biblioteca@unisbc.edu.co | Calle 76 87-14 Robledo Palenque, Medellín, Colombia

Con tecnología Koha